000 00245nam a22001217a 4500
040 _cSY
082 _a657
100 _aCHHOENG CHANTHA
245 _aFinancial accounting
260 _aIME
_bCHHOENG CHANTHA
_c2000
300 _a69p.
942 _cEK
999 _c8890
_d8890